| 000 | 00851nam a22001815i 4500 | ||
|---|---|---|---|
| 001 | 158622 | ||
| 003 | ES-MaACL | ||
| 005 | 20250930063137.0 | ||
| 008 | 990312s1897 sp |||| | spa d | ||
| 040 |
_aCCPB | B _bspa _cCCPB | B |
||
| 100 | 1 |
_aManjón, Andrés, _d1846-1923 _976033 |
|
| 245 | 1 | 0 |
_aDiscurso leído en la solemne apertura del curso académico de 1897 á 1898 en la Universidad Literaria de Granada / _cpor Andrés Manjón. |
| 260 |
_aGranada : _b[s.n.], _c1897 ( _fImprenta de Indalecio Ventura) |
||
| 300 |
_a48 p. ; _c31 cm. |
||
| 710 | 2 |
_aUniversidad Literaria de Granada. _9153703 |
|
| 852 |
_aES-MaACL _jT-777-F-5 _z-- Enc. hol. conservando la cub. original _z-- Enc. en un vol. facticio _x-- Edic.: El tema del discurso es: Condiciones pedagogicas de una buena educacion y cuales nos faltan |
||
| 999 |
_c158622 _d158622 |
||